Rozpoznaj państwo po zdjęciu #4 - Statystyki

Ogólne statystyki
  • Ten quiz został rozwiązany 89 razy
    84 od ostatniego zresetowania
  • Średni wynik to 5 z 10
Statystyki odpowiedzi
Obrazkowy Odpowiedź % Poprawnych
Norwegia
97%
Katar
69%
Kambodża
66%
Ukraina
56%
Singapur
54%
Namibia
40%
Urugwaj
40%
Austria
37%
Afganistan
26%
Papua Nowa Gwinea
16%
Nie znaleziono quizów pasujących do podanych kryteriów
Rozkład punktacji
Procent ludzi z każdym wynikiem
Percentyl według liczby udzielonych odpowiedzi
Twoja historia wyników
Nie rozwiązałeś tego quizu od ostatniego zresetowania